• 首页
  • 本馆介绍
  • 公告通知
  • 最新文献
  • 馆藏检索
  • 电子资源
  • 读者导购
  • 参考咨询
  • 我的图书馆
  • 登录
  • 详细信息显示
  • 放入我的书架
  • 预约/预借图书
  • 作者相关作品
  • 分类相关作品
  • 丛书相关作品
  • 出版社相关作品

书目信息

  • 表格格式
  • 工作单格式
  • 卡片格式
题名:
思想政治
    
 
作者: 刘建军 , 朱力宇 册主编 ;李红勃 编写
分册:   必修3
出版信息: 北京   人民教育出版社  2019
页数: 113页
开本: 30cm
丛书名:
单 册:
中图分类:
科图分类:
主题词: 政治课--高中--教材 , 教育--各级
电子资源:
ISBN: 978-7-107-24394-3
000 00768nam0 2200265 450
001 010225894
005 20241009150650.74
010    @a978-7-107-24394-3@dCNY8.75
100    @a20201102d2019 em y0chiy50 ea
101 0  @achi
102    @aCN@b110000
105    @aa z 000yy
200 1  @a思想政治@9si xiang zheng zhi@i必修3@i政治与法治@f教育部组织编写
210    @a北京@c人民教育出版社@d2019@h2023
215    @a113页@c图,照片@d30cm
300    @a普通高中教科书/张异宾总主编
606 0  @a政治课@x高中@j教材
606 0  @a教育@x各级
690    @v5
690    @aG634.201@v4
701  0 @a刘建军@9liu jian jun@4册主编
701  0 @a朱力宇@9zhu li yu@4册主编
702  0 @a李红勃@9li hong bo@4编写
801  0 @aCN@b91MARC@c20201205
905    @dG634.201@e2832:3
    
    思想政治.必修3.政治与法治/教育部组织编写.-北京:人民教育出版社,2019(2023)
    113页:图,照片;30cm
    普通高中教科书/张异宾总主编
    
    ISBN 978-7-107-24394-3:CNY8.75
    
●
相关链接 在E读中查询图书 在五车中查询图书 在当当中查询图书 在豆瓣中查询图书


正题名:思想政治     索取号:G634.201/2832:3         预约/预借

序号 登录号 条形码 馆藏地/架位号 状态 备注
1 1054422   210544222   第四借阅区/ [索取号:G634.201/2832:3] 在馆    
2 1054423   210544231   第四借阅区/ [索取号:G634.201/2832:3] 在馆    
3 1054424   210544240   第四借阅区/ [索取号:G634.201/2832:3] 在馆    
4 1410083   214100836   第一样本阅览室/ [索取号:G634.201/2832:3] 在馆    
5 1410084   214100845   第四借阅区/ [索取号:G634.201/2832:3] 在馆    
6 1410085   214100854   第四借阅区/ [索取号:G634.201/2832:3] 在馆    
7 1410086   214100863   第四借阅区/ [索取号:G634.201/2832:3] 在馆    
8 1410087   214100872   第四借阅区/ [索取号:G634.201/2832:3] 在馆    
唐山师范学院图书馆 欢迎您!
大连网信软件有限公司© 版权所有